History Quiz

Random History or Capital Quiz

Washington D.C. Memorials & Attractions Quiz Stats

 Plays Quiz Updated Apr 7, 2019

Score 0/22 Timer 06:00
0 Plays Today
Clue Attraction % Correct
It's at 1600 Pennsylvania AvenueThe White House
98.3%
This monument is the tallest structure (other than radio towers) in the city and is a memorial to the first president of the U.S.Washington Monument
98.3%
The prominent feature of this war memorial is a wall with a polished black granite fa├žade, inscribed with thousands of names.Vietnam Veterans Memorial
93.2%
This memorial has the Gettysburg Address inscribed within its walls.Lincoln Memorial
93.2%
This memorial is dedicated to the president who led the country through the Great Depression and World War II.Franklin Delano Roosevelt Memorial
92.1%
This memorial is dedicated to those who served and died in a war which lasted from 1950 to 1953 in northern Asia.Korean War Veterans Memorial
90.9%
Unveiled to the public in 2011, this memorial is dedicated to a great civil rights leader.Martin Luther King Jr. Memorial
90.5%
This is largest library in the country.Library of Congress
88.8%
This agency of the Justice Department is headquartered in the J. Edgar Hoover Building.Federal Bureau of Investigation
87.8%
This final resting place for many who served in the military, was established during the Civil War, and is across the Potomac River, in VirginiaArlington National Cemetery
87.1%
This collaboration of several different museums throughout the city contains over 100 million eclectic objects, artworks and specimens.Smithsonian Institution
84.8%
Clue Attraction % Correct
This president memorial is a circular stone structure that sits on the south shore of the Tidal Basin.Jefferson Memorial
84.7%
The highest body within the nation's judicial system convenes at this building.Supreme Court Building
83.6%
This museum is dedicated to the millions who were persecuted and annihilated between 1933 and 1945.Holocaust Memorial Museum
81.1%
The Legislative Branch of government convenes here.The Capitol Building
80.9%
This memorial, located at the east end of the Reflecting Pool, opened April 29, 2004 and is dedicated to those who died and served in this war.National World War II Memorial
80.1%
The Department of Defense is headquartered here.The Pentagon
79%
This downtown park incorporates or borders several other landmarks mentioned in this quiz, and is known for its prominent rectangular Reflecting Pool, gardens and galleriesThe National Mall
68.8%
This facility, named for a president, contains an opera house, concert hall, theaters, restaurants, and a library.John F. Kennedy Center for the Performing Arts
68.4%
Former Virginia home and estate of the first president of the U.S.Mount Vernon
67.5%
The Declaration of Independence and The Constitution can be found here.The National Archives
51%
At this facility, people can observe how paper money is made and processed.Bureau of Engraving and Printing
22.8%

You're not logged in!

Compare scores with friends on all Sporcle quizzes.
OR
Log In

Sporcle TV

Today on Sporcle TV


Watch our educational content, quiz creation guides, and fun videos on Sporcle TV.

Show Comments

Extras

Top Quizzes Today


Score Distribution

Your Account Isn't Verified!

In order to create a playlist on Sporcle, you need to verify the email address you used during registration. Go to your Sporcle Settings to finish the process.

Report this User

Report this user for behavior that violates our Community Guidelines.

Details: